01240cam a22003137a 45000010009000000050017000090080041000260100015000670200024000820200018001060400032001240820019001561000034001752450071002092600050002803000040003304900039003705000025004095000024004345040031004586500029004896500027005186530025005456550024005709420019005949990017006139520140006309520156007701426879820201128021126.0060216t2006 xxua frb 001 0 eng d a2006922522 a0387310738 (hd.bd.) a9780387310732 aOHXcOHXdPUdDLCdEG-ScBUE00a006.4222bBIS1 aBishop, Christopher M.93653810aPattern recognition and machine learning /cChristopher M. Bishop. aNew York, United States :bSpringer,cc.2006. axx, 738 p. :bill. (col.) ;c25 cm.0 aInformation science and statistics aIncludes appendixes. aIndex : p. 729-738. aBibliography : p. 711-728. 0aPattern perception96297 0aMachine learning92922 bCOMSCIcNovember2014 vreading book934232 2ddck006.4 BIS c18620d18592 00102ddc40708BaccahaMAINbMAINcLOWd2014-11-16epurchaseg570.00h20677l0o006.4 BISp000037000r2025-07-15 00:00:00v712.50yBB 00102ddc40708BaccahaMAINbMAINcLOWd2014-11-16epurchaseg570.00h20677l1m12o006.4 BISp000037001r2025-07-15 00:00:00s2016-02-18v712.50yBB